Kashira Highway /

Částečně autobiografický román ruského spisovatele a výtvarníka popisuje nervové zhroucení umělce v šedivé atmosféře brežněvovské éry počátku 80. let 20. století.

Hlavní autor: Monastyrskij, Andrej Viktorovič, 1949-
Korporativní autor: Muzej sovremennogo iskusstva "Garaž" (Moskva, Rusko)
Další autoři: Bromfield, Andrew, Pepperštejn, Pavel Vital‘jevič, 1966-
Jazyk: Angličtina
Vydáno: Prague : Artguide s.r.o. for Garage Museum of Contemporary Art, Moscow, 2021
Edice: Artists write
Témata:
Fyzický popis: 231 stran : ilustrace (některé barevné) ; 20 cm
Knihy
Uloženo v:
LEADER 01925nam a2200457 i 4500
001 nkc20213325301
003 CZ PrNK
005 20230424115948.0
007 ta
008 230406s2021 xr a g 000 fdeng
015 |a cnb003325301 
020 |a 978-80-906714-8-5  |q (Artguide ;  |q brožováno) 
035 |a (OCoLC)1378695048 
040 |a ABG001  |b cze  |d ABA001  |e rda 
041 1 |a eng  |h rus 
072 7 |a 821.161.1  |x Ruská literatura, rusky psaná  |2 Konspekt  |9 25 
080 |a 821.161.1-31  |2 MRF 
080 |a (0:82-31)  |2 MRF 
100 1 |a Monastyrskij, Andrej Viktorovič,  |d 1949-  |7 js20211107883  |4 aut 
245 1 0 |a Kashira Highway /  |c Andrei Monastyrski ; translated by Andrew Bromfield ; illustrated by Pavel Pepperstein 
264 1 |a Prague :  |b Artguide s.r.o. for Garage Museum of Contemporary Art, Moscow,  |c 2021 
300 |a 231 stran :  |b ilustrace (některé barevné) ;  |c 20 cm 
336 |a text  |b txt  |2 rdacontent 
337 |a bez média  |b n  |2 rdamedia 
338 |a svazek  |b nc  |2 rdacarrier 
490 1 |a Artists write 
500 |a Přeloženo z ruštiny 
500 |a Pod názvem: Garage Museum of Contemporary Art, na obálce pod názvem: Garage 
520 2 |a Částečně autobiografický román ruského spisovatele a výtvarníka popisuje nervové zhroucení umělce v šedivé atmosféře brežněvovské éry počátku 80. let 20. století. 
655 7 |a ruské romány  |7 fd133320  |2 czenas 
655 9 |a Russian fiction  |2 eczenas 
700 1 |a Bromfield, Andrew  |7 xx0218173  |4 trl 
700 1 |a Pepperštejn, Pavel Vital‘jevič,  |d 1966-  |7 js20100614004  |4 ill 
710 2 |a Muzej sovremennogo iskusstva "Garaž" (Moskva, Rusko)  |7 ko2018981320  |4 isb 
830 0 |a Artists write  |0 s 
910 2 |a BOA001  |b 1-1506.544 
928 9 |a Artguide 
990 |a BK 
995 |a 01 
991 |b 202304  |c NOV 
996 6 |b 2610936510  |c 1-1506.544  |l MZK  |r Sklad / do 1 hodiny  |n 0  |p p.v.  |w 001921961  |u 000010  |a 1  |e BOA001  |j MZK50  |s P